000
00212 a2200097 4500
001
11351
100
_a
Barnetl, C
245
_a
The Callapse of british power
260
_a
_b
Eyre Methuen
_c
090
_c
8900
_d
8900
942
_a
NUST-CAE
_c
M
_c
35712
999
_c
246424
_d
246424